| 000 | 00761nas a2200289 4500 | ||
|---|---|---|---|
| 001 | BR7901730 | ||
| 003 | BR-BrBNA | ||
| 005 | 20231205083651.0 | ||
| 007 | ta | ||
| 008 | 230509b bl.|||p| |||| 00| 00por d | ||
| 040 |
_aBR-BrBNA _bpor _cBiblioteca Nacional de Agricultura |
||
| 041 | _a(Pt) | ||
| 072 | _aF22; F25 | ||
| 100 | 1 | _aGuterres, S.F. | |
| 100 | 1 | _aPons, A.L. | |
| 245 | 1 | _aEfeitos da acidez do solo | |
| 650 | _aQUIMICA DO SOLO | ||
| 650 | _aFERTILIDADE DO SOLO | ||
| 650 | _aACIDEZ | ||
| 650 | _aPH | ||
| 650 | _aALUMINIO | ||
| 650 | _aMANGANES | ||
| 650 | _aSOLO | ||
| 773 | 0 |
_tIPAGRO Informa (Brazil) _xISSN 0100-3410 _g(Sep 1978), (no. 20) p. 39-43 _wBR7901730 |
|
| 909 |
_a202311 _bLúcia _c55 _dLúcia Elande |
||
| 942 |
_2AGRIS _n0 _cANA |
||
| 999 |
_c100436 _d100436 |
||